00469nam a2200169Ia 4500003000900000008004100009020001800050040001600068080001300084100002300097245005000120260003500170300001400205650002300219650001400242650004300256IN-BaIIA211028s9999 xx 000 0 eng d a0-85226-532-8 cIIA Library a533bLON aLongmire, Conard L 0aElementary plasma physicscConard L. Longmire aNew DelhibWiley Easternc1971 axi, 296p. a Plasma physics  a Plasmas aAstronomy and astrophysics thesaurus